| 000 | 00794nam a2200253 a 4500 | ||
|---|---|---|---|
| 001 | 000038324 | ||
| 003 | DO-SdBPM | ||
| 005 | 20250515100213.0 | ||
| 008 | 130408s2005 dr 000 0 spa d | ||
| 040 |
_aDO-SdBPM _bspa _cBPMSU _erda |
||
| 082 | 4 |
_aRD863.44 _bM332g 2023 _222 |
|
| 100 | 1 | _aGavilán, José María | |
| 245 | 1 | 3 |
_aEl genio vendido / _cJosé María Gavilán ; prólogo Luz Albania Gavilán Melo. |
| 250 | _a2a. ed. | ||
| 260 |
_aSanto Domingo : _bEditora Serrallés, _c2023 |
||
| 300 |
_a105 p. ; _c23 cm. |
||
| 590 | _aInventariado, 2025/VM | ||
| 650 | 4 | _aNovela dominicana | |
| 650 | 4 |
_aProblemas sociales _vNovela |
|
| 650 | 4 | _aLiteratura dominicana | |
| 700 | 1 |
_aGavilán Melo, Luz Albania _eprólogo |
|
| 910 | _aVMateo V. Control de calidiad BPMSU | ||
| 942 |
_2ddc _cBK |
||
| 999 |
_c15055 _d15055 |
||